Catálogo

OBJETIVOS DE LA EDUCACION (Registro nro. 25376)

Detalles MARC
000 -LEADER
fixed length control field 00795nam a2200217 a 4500
001 - CONTROL NUMBER
control field 25376
005 - DATE AND TIME OF LATEST TRANSACTION
control field 20180713223722.0
008 - FIXED-LENGTH DATA ELEMENTS--GENERAL INFORMATION
fixed length control field 140415s1977 sp 000 0 spa d
020 ## - INTERNATIONAL STANDARD BOOK NUMBER
International Standard Book Number 8428103348
041 ## - LANGUAGE CODE
Language code of text/sound track or separate title spa
082 ## - DEWEY DECIMAL CLASSIFICATION NUMBER
Classification number 370
Item number TRA
100 1# - MAIN ENTRY--PERSONAL NAME
Personal name LANDSHEERE, VIVIVANE DE
245 10 - TITLE STATEMENT
Title OBJETIVOS DE LA EDUCACION
260 ## - PUBLICATION, DISTRIBUTION, ETC.
Place of publication, distribution, etc. ESPAÑA :
Name of publisher, distributor, etc. OIKOS-TAN EDICIONES,
Date of publication, distribution, etc. 1977
300 ## - PHYSICAL DESCRIPTION
Extent 316
Dimensions 14 x 2.3 x 18.7
490 ## - SERIES STATEMENT
Series statement TRATADO DE PEDAGOGIA GENERAL
Volume/sequential designation 6
520 ## - SUMMARY, ETC.
Summary, etc. LA IDEA QUE TIENE LA PEDAGOGIA TRATA A MENUDO CON DESDEN EN LOS MEDIOS UNIVERSITARIOS, HA SIDO PRECISO LLEGAR HASTA HOY PARA QUE SE LA RECONOZCA COMO UNA DISCIPLINA EN SI MISMA
650 14 - SUBJECT ADDED ENTRY--TOPICAL TERM
Topical term or geographic name entry element ENSEANZA OBJETIVA
740 ## - ADDED ENTRY--UNCONTROLLED RELATED/ANALYTICAL TITLE
Uncontrolled related/analytical title DEFINIR LES OBJECTIFS DE LEDUCATION
700 1# - ADDED ENTRY--PERSONAL NAME
Personal name LANDSHEERE, GILBERT DE
Relator term coaut.
Existencias
Withdrawn status Lost status Source of classification or shelving scheme Damaged status Not for loan Collection code Home library Current library Shelving location Date acquired Source of acquisition Inventory number Total Checkouts Full call number Barcode Date last seen Date last checked out Price effective from Koha item type
    Dewey Decimal Classification     General Biblioteca Karol Wojtyla Biblioteca Karol Wojtyla Sala general 03/12/2013 Compra 151000000000000000044258 1 370 TRA 4727 05/01/2026 11/05/2019 03/12/2013 Libro